| 000 | 00524nam a2200181Ia 4500 | ||
|---|---|---|---|
| 001 | 20697 | ||
| 005 | 20260306172824.0 | ||
| 008 | 260306t2024||||xx |||||||||||||| ||spa|| | ||
| 041 | _aESP | ||
| 082 |
_a343.6L _bM32 |
||
| 100 |
_aMayo Zambrano, Guillermo Joel, _eAUT |
||
| 245 | 0 |
_aLa aplicación de la ley de contrataciones del Estado vista desde la gestión pública : _bprocedimientos y escritos |
|
| 260 | _c2024 | ||
| 300 |
_a526 páginas : _c25 cm. |
||
| 650 | _aGEN | ||
| 654 | _aCDE | ||
| 942 |
_cLIB _dJUS _fJUS _2ddc _n |
||
| 999 |
_c20697 _d20697 |
||